000 02287nim a2200457 i 4500
001 197253
003 ES-MaACL
005 20250901050621.0
007 ss lsnjlcipnne
008 290425s1990 sp nnnn |||| 00| spa d
040 _bspa
_cES-MaACL
245 0 0 _aLa llamada del desierto: mujeres musulmanas olvidadas
_h[Grabación sonora] :
_bciclo El mundo que habitan las mujeres /
_cintervienen Aicha Mohameed Mate, Claudia Naroki y Concho González ; presenta Agustina de Andrés.
260 _aMadrid :
_bAteneo de Madrid,
_c1990.
300 _a2 casetes (ca. 180 min) :
_bson. ;
_c11 cm
490 1 _3Actos culturales en el Ateneo de Madrid
505 _aParticipan Aicha Mohameed Mate, Claudia Naroki y Conchi González. Presenta Agustina de Andrés, presidenta de la Agrupación Ateneísta de Estudios sobre la Mujer "Clara Campoamor".
518 _aGrabado el 18 de diciembre de 1990 en el Salón de Actos del Ateneo de Madrid.
520 _aDebate sobre las mujeres musulmanas olvidadas dentro del ciclo titulado El mundo que habitan las mujeres.
540 _aDocumento inédito
594 _5Datos basados en la invitación.
610 2 0 _aAteneo de Madrid-
_xActos culturales-
_y1990-
_vGrabaciones sonoras
_9240083
650 7 _9240422
_aMusulmanas
_2embne
653 _aArchivo de la palabra
655 0 _aConferencias
_9234444
700 _aAndrés, Agustina de
_epres
_9240227
700 _eora
_9240423
_aMohameed Mate, Aicha
700 _eora
_9240424
_aNaroki, Claudia
700 _eora
_9240427
_aGonzález, Conchi
710 _aAteneo de Madrid.
_ehis
_9240081
_bAgrupación Ateneísta de Estudios sobre la Mujer "Clara Campoamor"
710 2 _aÁgora Feminista
_eclb
_9240372
710 2 _aFórum de Política Feminista
_eclb
_94150
710 _aMujeres de la Asociación por la Defensa de la Sanidad Pública
_eclb
_9240375
710 _aAsociación de Mujeres Juristas Themis
_eclb
_9240376
710 _aMovimiento por la Liberación e Igualdad de la Mujer
_eclb
_9240364
830 0 _aActos culturales en el Ateneo de Madrid
_9240237
852 _aES-MaACL
_cDEPOZ
_pCinta 1
_9205476
852 _aES-MaACL
_cDEPOZ
_pCinta 2
_9205477
942 _2udc
_n0
_cCINTASAUD
999 _c197253
_d197253